| 000 | 00948nam a22002772 4500 | ||
|---|---|---|---|
| 999 |
_c17537 _d17537 |
||
| 001 | 0000018861 | ||
| 003 | OSt | ||
| 005 | 20190307124351.0 | ||
| 008 | 100810s xx 000 0 eng d | ||
| 020 | _a0198749370 v. 2 c. 1 : | ||
| 040 |
_aKABU _cKABU |
||
| 050 |
_aQM23.2 _b.C86 2017 v. 2 c. 1 |
||
| 100 | 1 | _aKoshi, Rachel | |
| 245 | 1 | 0 |
_aCunningham's manual of practical anatomy / _cD. J. Cunningham. _bThorax and abdomen |
| 250 |
_a16th ed. / _bG. J. Romanes. |
||
| 260 |
_aOxford : _bO. U. P., _c2017. |
||
| 300 | _aix, 328 p. | ||
| 505 | 0 | _av. 1 Upper and lower limbs - v. 2 Thorax and abdomen - v. 3 Head and neck and brain. | |
| 650 | 0 | _aAnatomy, Human. | |
| 650 | 0 | _aDissection. | |
| 908 | _a100810 | ||
| 942 |
_2lcc _cBK _hQM23.2 |
||